|
|
|
|
| LEADER |
00000nam0a2200000 4500 |
| 001 |
114273 |
| 005 |
20231031122210.0 |
| 035 |
|
|
|a (RuTPU)RU\TPU\book\123576
|
| 090 |
|
|
|a 114273
|
| 100 |
|
|
|a 20070420d1961 k y0rusy50 ca
|
| 101 |
0 |
|
|a rus
|
| 102 |
|
|
|a RU
|
| 105 |
|
|
|a a z 001zy
|
| 200 |
1 |
|
|a Методическое руководство по гидрогеологической съемке масштабов 1:1000000 -1:50000 и 1: 200 000- 1:100 000
|f Всесоюзный научно-исследовательский институт гидрогеологии и инженерной геологии ; под ред. А. А. Маккавеева и А. С. Рябченкова
|
| 210 |
|
|
|a Москва
|c Изд-во литературы по геологии и охране недр
|d 1961
|
| 215 |
|
|
|a 319 с.
|c ил.
|
| 320 |
|
|
|a Библиография в конце глав.
|
| 610 |
1 |
|
|a методическое руководство
|
| 610 |
1 |
|
|a гидрогеологическая съемка
|
| 610 |
1 |
|
|a методы
|
| 610 |
1 |
|
|a наблюдения
|
| 610 |
1 |
|
|a обработка материалов
|
| 610 |
1 |
|
|a составление
|
| 675 |
|
|
|a 551.49
|v 3
|
| 702 |
|
1 |
|a Маккавеев
|b А. А.
|4 340
|
| 702 |
|
1 |
|a Рябченков
|b А. С.
|4 340
|
| 712 |
0 |
2 |
|a Всесоюзный научно-исследовательский институт гидрогеологии и инженерной геологии
|2 stltpush
|3 (RuTPU)RU\TPU\col\2061
|
| 801 |
|
1 |
|a RU
|b 63413507
|c 20070420
|g PSBO
|
| 801 |
|
2 |
|a RU
|b 63413507
|c 20210619
|g PSBO
|
| 942 |
|
|
|c BK
|